00393nam a2200145Ia 4500008004100000020001500041041001200056082002000068100002400088245005200112250001200164260002700176300001900203650002500222231217s9999 xx 000 0 und d a8178812916 aEnglish a658.4 SUB;1 R aSubbulakshmi, V ed. 0aCorporate governance in banks : an introduction a1st ed. c2004bIcfaiaHyderabad aviii, 167, A11 aCorporate,governance